| 000 | 01227nam a2200325 a 4500 | ||
|---|---|---|---|
| 001 | 000116145 | ||
| 003 | CHAP | ||
| 005 | 20220329144603.0 | ||
| 008 | 190920s2015 mx a |r| ||||||spa d | ||
| 010 | _a112606 | ||
| 011 | _a113578 | ||
| 020 | _a9786079423247 | ||
| 040 | _cCHAP | ||
| 082 | 0 | 4 |
_a338.10972 _bR42 2015 v.2 |
| 245 | 0 | 0 |
_aReportes del CEDRSSA : _bvolumen II / _cedición de Yadira Elizabeth Flores Suárez y Horacio Vázquez Flora. |
| 260 |
_aMéxico, D.F. : _bCámara de Diputados LXIII Legislatura. Centro de Estudios para el Desarrollo Rural Sustentable y la Soberanía Alimentaria, _c2015. |
||
| 300 |
_a212 P. : _bgráficas. |
||
| 590 |
_aE5765TAJ _b05 _c20190920 _lUCH01 _h1243 |
||
| 590 |
_aE5765TAJ _b05 _c20190920 _lUCH01 _h1255 |
||
| 650 | 1 | 4 |
_aAgricultura _xCambio climático _xAspectos económicos _91348 |
| 650 | 1 | 4 |
_aAgua en la agricultura _zMéxico. _9136840 |
| 650 | 1 | 4 |
_aMujeres _xDesarrollo económico. _9131908 |
| 650 | 1 | 4 |
_aProductos agrícolas _xMercadeo _zMéxico. _991999 |
| 650 | 1 | 4 |
_aSeguridad alimentaria _zMéxico. _9133064 |
| 700 | 0 |
_aFlores Suárez, Adriana Elizabeth _eed. _941757 |
|
| 700 | 0 |
_aVázquez Flora, Horacio _eed. _9120352 |
|
| 901 | _aBK | ||
| 942 | _cLIBRO | ||
| 942 | _n0 | ||
| 999 |
_c112606 _d112606 |
||